| 000 | 01718nam a2200229Ia 4500 | ||
|---|---|---|---|
| 008 | 260220t2012||||xx |||||||||||||| ||spa|| | ||
| 040 |
_aPY-SlUNAC _bspa _erda |
||
| 041 | _aspa | ||
| 082 |
_a574.5 _bP139g |
||
| 245 | 0 | _aGuía para la evaluación de riesgo ambiental de organismos genéticamente modificados | |
| 264 |
_aSan Paulo : _bILSI, _c℗2012. |
||
| 300 | _a1 volumen | ||
| 520 | _aLa "Guía para la evaluación de riesgo ambiental de organismos genéticamente modificados" publicada por ILSI en 2012 ofrece un marco integral para la evaluación de los riesgos asociados con la liberación de organismos genéticamente modificados (OGM) en el medio ambiente. Este texto aborda aspectos clave como la identificación y caracterización de los OGM, las metodologías para evaluar su impacto potencial en la biodiversidad y los ecosistemas, así como las consideraciones éticas y sociales que rodean su uso. La guía enfatiza la importancia de realizar evaluaciones basadas en evidencia científica y la necesidad de un enfoque adaptativo que contemple la incertidumbre inherente a la biotecnología. Además, se propone un proceso de evaluación que incluye la recopilación de datos, el análisis de riesgos y la comunicación de resultados a las partes interesadas. En conjunto, la obra busca establecer estándares y prácticas que aseguren la seguridad ambiental y promuevan la sostenibilidad en el uso de OGM. | ||
| 653 | _aEvaluación de riesgos | ||
| 653 | _aMedio ambiente | ||
| 653 | _aOrganismos genéticamente modificados | ||
| 942 |
_b2026/02/17 _cBK |
||
| 999 |
_c8157 _d8157 |
||